Movies Quiz

Random Movies or Actor Quiz

Ralph Fiennes Movies Quiz Stats

 Plays Quiz not verified by Sporcle

Challenge
Share
Tweet
Embed
Score 0/38 Timer 10:00
0 Plays Today
Year Movie % Correct
2011Harry Potter and the Deathly Hallows: Part 2
90.5%
2005Harry Potter and the Goblet of Fire
85.2%
2007Harry Potter and the Order of the Phoenix
82.9%
1993Schindler's List
82.3%
1996The English Patient
75.3%
2010Harry Potter and the Deathly Hallows: Part 1
70.5%
2010Clash of the Titans
58%
1992Wuthering Heights
55.6%
2012Wrath of the Titans
55%
1998The Prince of Egypt
53.9%
2002Red Dragon
52.7%
2005The Constant Gardener
46.3%
2008In Bruges
44.4%
1994Quiz Show
43.7%
2002Maid in Manhattan
37.8%
2008The Hurt Locker
36%
1998The Avengers
34.9%
2008The Duchess
33.6%
2008The Reader
28.8%
Year Movie % Correct
2005Wallace & Gromit in The Curse of the Were-Rabbit
27.9%
1997Oscar and Lucinda
25.6%
2002Spider
24.7%
2011Coriolanus
24.7%
1999The End of the Affair
24%
1995Strange Days
23.1%
1999Sunshine
20.4%
1999Onegin
13.2%
2006Bernard and Doris
10.5%
2010Cemetery Junction
10.5%
2005The White Countess
9.1%
2010Nanny McPhee Returns
9%
2000The Miracle Maker
8.3%
2005The Chumscrubber
7.5%
2005Chromophobia
6.5%
1993The Baby of Macon
6.3%
2006Land of the Blind
6%
2002The Good Thief
5.6%
2010The Wildest Dream
2.5%

You're not logged in!

Compare scores with friends on all Sporcle quizzes.
OR
Log In

You Might Also Like...

Show Comments

Extras

Curator's Pick Sep 16, 2012SourceReportNominate
Tags:Actor Quiz, Movie Resume Quiz, ralph

Top Quizzes Today


Score Distribution

Your Account Isn't Verified!

In order to create a playlist on Sporcle, you need to verify the email address you used during registration. Go to your Sporcle Settings to finish the process.

Report this User

Report this user for behavior that violates our Community Guidelines.

Details: